Co v marketingu znamená "leverage"
Vysvetlenie princípu multiplikačného efektu, prevodná páka "leverage". Manažment fixných nákladov a jeho úloha. Úloha marketingových pracovníkov. Účinná kontrola fixných nákladov. Systém regresívneho a progresívneho odmeňovania.
Na minha lista:
| Autor principal: | |
|---|---|
| Formato: | Capítulo de Livro |
| Idioma: | tcheco |
| Assuntos: | |
| Tags: |
Sem tags, seja o primeiro a adicionar uma tag!
|
MARC
| LEADER | 00000naa$a2200000$$$4500 | ||
|---|---|---|---|
| 001 | 0003250 | ||
| 005 | 20231004101206.6 | ||
| 041 | 0 | |a cze | |
| 044 | |a CZ | ||
| 245 | 1 | 0 | |a Co v marketingu znamená "leverage" |c aut. Ivan Bureš |
| 520 | |a Vysvetlenie princípu multiplikačného efektu, prevodná páka "leverage". Manažment fixných nákladov a jeho úloha. Úloha marketingových pracovníkov. Účinná kontrola fixných nákladov. Systém regresívneho a progresívneho odmeňovania. | ||
| 610 | 2 | 0 | |a marketing |
| 610 | 2 | 0 | |a náklady fixné |
| 610 | 2 | 0 | |a zisk |
| 610 | 2 | 0 | |a tržby |
| 610 | 2 | 0 | |a náklady variabilné |
| 610 | 2 | 0 | |a hospodárenie podnikové |
| 610 | 2 | 0 | |a manažment finančný |
| 610 | 2 | 0 | |a odmeňovanie |
| 100 | 1 | |a Bureš, Ivan | |